| 000 | 00495nam a2200181Ia 4500 | ||
|---|---|---|---|
| 003 | OSt | ||
| 005 | 20200724104835.0 | ||
| 008 | 190216s9999||||xx |||||||||||||| ||und|| | ||
| 020 | _a9798181283046 | ||
| 040 | _coclc | ||
| 082 |
_a515 _bSOH/B |
||
| 100 |
_aSohrab, Houshang H _93722 |
||
| 245 | 0 |
_aBasic Real Analysis / _cHoushang H Sohrab |
|
| 260 |
_bSpringer, _aBoston: _c2003. |
||
| 300 | _a559p | ||
| 650 | _aMathematics | ||
| 942 |
_cBK _2ddc _h515 _iSOH/B _k515 _mSOH/B |
||
| 999 |
_c31973 _d31973 |
||